Регионална библиотека "Любен Каравелов" - Русе

Съвременни декоративно - приложни изкуства в България (Запис номер 115244)

MARC детайли
000 -Лидер
Контролно поле с фиксирана дължина 01918nam a2200469 c 4500
003 - Код на организацията, давaща контролен номер
Контролно поле BLK
005 - Дата и час на последна редакция
Контролно поле 20240319100123.0
008 - Елементи от данни с фиксирана дължина
fixed length control field 180409b bul|||||r ||||||| ||bul||
010 ## - Наследен системен номер
LC control number KNG00120717000
040 ## - Източник на каталожния запис
Идентификатор на билиотеката - собственик на записа BLK
041 ## - Код за език
Код за езика на текст/звукозапис или на отделно заглавие Български
Код за езика КДБФ Български
080 ## - УДК
Текстов определител УДК Приложно изкуство. Художествени занаяти. Интериор. Дизайн. Играчки. Худож. пространствено оформление
УДК код - определител по УДК 745/749
УДК определител (497.2)
УДК - код + определител 745/749(497.2)
100 ## - Редна дума - Автор
Автор Ангелов, Валентин
Титли или други наименования, свързани с автора Физкултурен деец - борба
Дати, свързани с автора 03.02.1965 г.
R(LIN) 366953
139 ## - Редно поле
Редна дума Съвременни декоративно - приложни изкуства в България
Авторски знак Съ - С 96
245 10 - Сведения за заглавието
Заглавие Съвременни декоративно - приложни изкуства в България
Редно поле (дума) Валентин Ангелов.
257 ## - Страна на издаване
Страна на създаване/издаване България
260 ## - Област на издателските данни
-- София
Име на издателя, разпространителя и проч. БАН
Година на издаване 1989
300 ## - Физическа характеристика
Страници 264 с.
Илюстрации и др. с ил.
Размери/Мащаб 29 см
380 ## - Жанр
Жанр Изкуство
650 #4 - Допълнително описание по предмет – тема
Основно описание – тема или топоним Приложно и декоративно изкуство - България
9 (RLIN) 247366
653 ## - Ключова дума – ненормативна
Ключова дума декоративно изкуство
653 ## - Ключова дума – ненормативна
Ключова дума приложни изкуства
653 ## - Ключова дума – ненормативна
Ключова дума България
653 ## - Ключова дума – ненормативна
Ключова дума витражи
653 ## - Ключова дума – ненормативна
Ключова дума кожени изделия
653 ## - Ключова дума – ненормативна
Ключова дума накити
653 ## - Ключова дума – ненормативна
Ключова дума тъкани
653 ## - Ключова дума – ненормативна
Ключова дума бижутерия
653 ## - Ключова дума – ненормативна
Ключова дума пластични изкуства
653 ## - Ключова дума – ненормативна
Ключова дума текстил
653 ## - Ключова дума – ненормативна
Ключова дума битови предмети
653 ## - Ключова дума – ненормативна
Ключова дума керамика
653 ## - Ключова дума – ненормативна
Ключова дума дърворезба
653 ## - Ключова дума – ненормативна
Ключова дума килими
653 ## - Ключова дума – ненормативна
Ключова дума мозайки
852 ## - Местоположение
Форматна сигнатура Цб ІІ 7498
856 4# - Електронен адрес и достъп
Електронен формат pdf - файл
Път до файла /url/
856 4# - Електронен адрес и достъп
Електронен формат pdf - файл
Път до файла /url/
942 ## - АРТИКУЛИ
Вид на библиотечния материал Книги
Скрит в OPAC Не
Koha issues (borrowed), all copies 7
944 ## - СЪЗДАВАНЕ И РЕДАКЦИЯ на ЗАПИСА
Създаване/Редакция Създаване
Дата на регистрацията/редакция 11.01.2011
Статус, дата на статуса Моника Янева
Служител, извършил регистрацията/редакцията 30570
944 ## - СЪЗДАВАНЕ И РЕДАКЦИЯ на ЗАПИСА
Създаване/Редакция Редакция
Дата на регистрацията/редакция 01.08.2014
Статус, дата на статуса добави в АБ / 10.01.2011
Служител, извършил регистрацията/редакцията
999 ## - СИСТЕМНИ КОНТРОЛНИ НОМЕРА
Koha biblionumber 115244
Koha biblioitemnumber 115244
Наличности
Код за отписване Код за изгубен артикул Източник на класификационната схема Код за повреда Коз за рестрикции Код за отдаване Артикулен № Име на библиотеката - собственик Име на библиотеката, в която се намира в момента Статус (Текущо местоположение) Дата на вписване в системата Местоположение - отдел Цена в лева Инвентарен номер Систематично азбучна сигнатура Баркод Номер на екземпляра Цена в евро Служебна бележка Служебен тип на артикула
  Не е изгубен Universal Decimal Classification Не е повреден без рестрикции заемане за дома 185052 Регионална библиотека "Любен Каравелов" Русе Регионална библиотека "Любен Каравелов" Русе Отдел Изкуство - подръчен фонд 1989-01-01 Отдел Изкуство - подръчен фонд 18.00 540346 745/749(497.2)/С 96 120000540346 1 9.20 N: стар фонд Дата: 01.01.1989 Дата инв: 07.06.2012 Бележки инв: * Книги
  Не е изгубен Universal Decimal Classification Не е повреден без рестрикции заемане за дома 185053 Регионална библиотека "Любен Каравелов" Русе Регионална библиотека "Любен Каравелов" Русе Отдел Изкуство - подръчен фонд 1989-01-01 Отдел Изкуство - подръчен фонд 18.00 540347 745/749/С 96 120000540347 2 9.20 Дост: Pk Вид: Ф N: стар фонд Дата: 01.01.1989 Дата инв: 12.02.2015 Бележки инв: ИП2015 Книги
  Не е изгубен Universal Decimal Classification Не е повреден само за читалня ползва се в читалня 185054 Регионална библиотека "Любен Каравелов" Русе Регионална библиотека "Любен Каравелов" Русе Хранилище 1989-01-01 Хранилище 18.00 532618 Цб ІІ 7498 120000532618 3 9.20 Дост: Dp Вид: Д N: сф Дата: 01.01.1989 Книги
Vip Innovations Ltd, Rousse, Bulgaria 2025